[Event "Cto Preferente Norte Individual"]
[Site "Centre Polivalent - C/ Isaac P"]
[Date "2011.10.01"]
[Round "1"]
[White "Zurita Garcia, Marcel"]
[Black "Gadea Iafigliola, Gabriel Ferna"]
[Result "1/2-1/2"]
[WhiteElo "1815"]
[BlackElo "1924"]
[PlyCount "59"]
[EventDate "2011.10.01"]
[EventRounds "7"]
[EventCountry "ESP"]

1. e4 e5 2. Nf3 d6 3. d4 Nd7 4. Nc3 c6 5. Be3 Ngf6 6. Be2 Be7 7. Qd2 O-O 8. a4
b6 9. O-O Bb7 10. Bc4 a6 11. dxe5 dxe5 12. Bg5 Qc7 13. Rfe1 b5 14. axb5 axb5
15. Rxa8 Rxa8 16. Bd3 Nc5 17. Bxf6 Bxf6 18. Ne2 Nxd3 19. Qxd3 Rd8 20. Qb3 Bc8
21. Nc1 Be6 22. Qc3 Bg4 23. Nd3 Bxf3 24. gxf3 Rd4 25. Ra1 g6 26. Ra8+ Kg7 27.
Qc5 Qd6 28. Qxd6 Rxd6 29. Rc8 h5 30. Nb4 1/2-1/2

[Event "Cto Preferente Norte Individual"]
[Site "Centre Polivalent - C/ Isaac P"]
[Date "2011.10.15"]
[Round "2"]
[White "Penades Ordaz, Victor"]
[Black "Anguix Gomez, Exuperio"]
[Result "1-0"]
[WhiteElo "2086"]
[BlackElo "1900"]
[PlyCount "95"]
[EventDate "2011.10.01"]
[EventRounds "7"]
[EventCountry "ESP"]

1. e4 g6 2. Nf3 Bg7 3. d3 c6 4. Nbd2 d5 5. Be2 Bg4 6. O-O e6 7. Re1 Ne7 8. c3
O-O 9. Qc2 Nd7 10. h3 Bxf3 11. Nxf3 dxe4 12. dxe4 Ne5 13. Be3 Nxf3+ 14. Bxf3
Qc7 15. g3 c5 16. Bg2 Rad8 17. f4 b6 18. Rac1 Rc8 19. g4 h6 20. Qf2 f5 21. gxf5
exf5 22. e5 Rcd8 23. c4 Rd7 24. Rcd1 Rfd8 25. Qe2 Kf8 26. h4 h5 27. Bf3 Ke8 28.
Qg2 Rxd1 29. Bxd1 Kf8 30. Bf3 Kg8 31. Kf2 Kh7 32. Rg1 Bh6 33. Bd5 b5 34. Bf7
Qb6 35. cxb5 Qxb5 36. b3 Qd3 37. Rc1 Qa6 38. a4 Qa5 39. Qb7 Bf8 40. Ke2 Qb4 41.
Qxb4 cxb4 42. Bxa7 Nd5 43. Bxd5 Rxd5 44. Rc7+ Kg8 45. Bb6 Bh6 46. Rc4 Bf8 47.
a5 Rb5 48. Rc6 1-0

[Event "Cto Preferente Norte Individual"]
[Site "Centre Polivalent - C/ Isaac P"]
[Date "2011.10.15"]
[Round "2"]
[White "Morenilla Rocher, Fernando"]
[Black "Penades Ordaz, Carlos"]
[Result "1/2-1/2"]
[WhiteElo "1868"]
[BlackElo "2082"]
[PlyCount "87"]
[EventDate "2011.10.01"]
[EventRounds "7"]
[EventCountry "ESP"]

1. e4 d6 2. d4 Nf6 3. Nc3 g6 4. f4 Bg7 5. e5 dxe5 6. fxe5 Nd5 7. Nxd5 Qxd5 8.
c3 c5 9. Nf3 cxd4 10. cxd4 O-O 11. Be2 Nc6 12. h3 Rd8 13. Be3 Qe4 14. Qb3 Be6
15. Qa3 b5 16. Bxb5 Nxd4 17. Nxd4 Rxd4 18. O-O Rdd8 19. Rae1 Qh4 20. Bc5 Bf8
21. Rd1 Qg5 22. Rxd8 Rxd8 23. Bxa7 Bd5 24. Rf2 Qxe5 25. Qc3 Qe6 26. b3 Rc8 27.
Qd2 Qd6 28. Be3 Bg7 29. Qe2 f5 30. Bc4 Bxc4 31. bxc4 e5 32. c5 Qc6 33. Qc4+ Kh8
34. Rc2 f4 35. Bf2 Rd8 36. Re2 f3 37. gxf3 Qxf3 38. Qg4 Qd5 39. Qa4 Rc8 40. Qb3
Qd8 41. a4 Qg5+ 42. Kf1 Qc1+ 43. Re1 Qf4 44. a5 1/2-1/2

[Event "Cto Preferente Norte Individual"]
[Site "Centre Polivalent - C/ Isaac P"]
[Date "2011.10.15"]
[Round "2"]
[White "Albert Garrote, Amadeo"]
[Black "Nieto Tornero, Jose"]
[Result "1-0"]
[WhiteElo "1868"]
[BlackElo "2024"]
[PlyCount "45"]
[EventDate "2011.10.01"]
[EventRounds "7"]
[EventCountry "ESP"]

1. d4 d5 2. c3 Qd6 3. Nf3 Nd7 4. e3 g6 5. b3 Bg7 6. a4 a6 7. Ba3 c5 8. a5 Qc6
9. dxc5 Nxc5 10. Be2 Ne4 11. Nd4 Qc7 12. f3 Nxc3 13. Qc1 e5 14. Nxc3 exd4 15.
Nxd5 Qxa5+ 16. Nb4 d3 17. Bxd3 Be6 18. O-O Rc8 19. Bc4 Qe5 20. Ra2 Qb8 21. Rc2
Qa7 22. Bb5+ axb5 23. Rxc8+ 1-0

[Event "Cto Preferente Norte Individual"]
[Site "Centre Polivalent - C/ Isaac P"]
[Date "2011.10.15"]
[Round "2"]
[White "Davidovas Chananovas, Norman"]
[Black "Biasoli Lopez, Alain"]
[Result "1-0"]
[WhiteElo "1751"]
[BlackElo "1937"]
[PlyCount "67"]
[EventDate "2011.10.01"]
[EventRounds "7"]
[EventCountry "ESP"]

1. e4 c5 2. Nf3 d6 3. d4 cxd4 4. Nxd4 Nf6 5. Nc3 a6 6. Be2 e5 7. Nb3 Be7 8. f4
O-O 9. O-O b5 10. a3 Bb7 11. Bf3 Nbd7 12. Qe1 Nb6 13. Na5 Qc7 14. Nxb7 Qxb7 15.
Qg3 Qc7 16. f5 Rfe8 17. Bh6 Bf8 18. h4 Kh8 19. Bg5 a5 20. Bxf6 gxf6 21. Bh5 Bh6
22. Qf2 b4 23. Nb5 Qc6 24. Qe2 Kg8 25. Rad1 Red8 26. Rd3 Rac8 27. Bxf7+ Kh8 28.
Rg3 Qxc2 29. Qh5 Qd2 30. Be6 Rc1 31. Qf7 Rxf1+ 32. Kh2 Bg5 33. hxg5 Rh1+ 34.
Kxh1 1-0

[Event "Cto Preferente Norte Individual"]
[Site "Centre Polivalent - C/ Isaac P"]
[Date "2011.10.15"]
[Round "2"]
[White "Pales Garcia, Pere"]
[Black "Gomez Ibanez, David"]
[Result "0-1"]
[WhiteElo "1900"]
[BlackElo "1917"]
[PlyCount "130"]
[EventDate "2011.10.01"]
[EventRounds "7"]
[EventCountry "ESP"]

1. e4 e6 2. d4 d5 3. exd5 exd5 4. Nf3 Nf6 5. Bd3 Be7 6. O-O O-O 7. h3 c5 8. c3
Nc6 9. Re1 Qc7 10. Bg5 cxd4 11. Nxd4 Nxd4 12. cxd4 Be6 13. Nc3 a6 14. Rc1 Qd7
15. Na4 Rac8 16. Rxc8 Qxc8 17. Qf3 Qd7 18. Nc3 Rd8 19. Re5 Qd6 20. Qe2 b5 21.
Bf5 b4 22. Bxe6 bxc3 23. bxc3 Kf8 24. Bxd5 h6 25. Bxf6 Bxf6 26. Qh5 Rd7 27. Rf5
g6 28. Rxf6 gxh5 29. Rxd6 Rxd6 30. Bb3 Rd7 31. f3 h4 32. Kf2 Re7 33. c4 f5 34.
g3 Kg7 35. c5 Kf6 36. gxh4 f4 37. d5 Rc7 38. c6 Ke5 39. Ke2 Kd6 40. Kd3 Re7 41.
Kd4 Re3 42. Bd1 Re1 43. Bc2 Re2 44. Bb3 Re3 45. Bd1 a5 46. Kc4 Re5 47. Bc2 Rxd5
48. Be4 Re5 49. Kd4 Rh5 50. Bg6 Rxh4 51. Bf5 Rh5 52. Bd7 Re5 53. a4 Re3 54. Bg4
Kxc6 55. Bh5 Kd6 56. Kc4 Ke7 57. Bg4 Kf6 58. Kb5 Re5+ 59. Kc4 Kg5 60. Kd4 Re8
61. Kc5 h5 62. Bd7 Re3 63. Bc6 Kh4 64. Kd4 Kxh3 65. Be4 Kg3 0-1

[Event "Cto Preferente Norte Individual"]
[Site "Centre Polivalent - C/ Isaac P"]
[Date "2011.10.15"]
[Round "2"]
[White "Insa Alfonso, Pablo"]
[Black "Cerdan Herraez, Manuel Vicente"]
[Result "1-0"]
[WhiteElo "2050"]
[BlackElo "1835"]
[PlyCount "51"]
[EventDate "2011.10.01"]
[EventRounds "7"]
[EventCountry "ESP"]

1. e4 e5 2. Nf3 d6 3. Bc4 Nc6 4. h3 Be6 5. Bb5 Bd7 6. O-O Nf6 7. Re1 Be7 8. c3
a6 9. Ba4 b5 10. Bc2 O-O 11. d3 h6 12. Nbd2 Nh7 13. d4 exd4 14. cxd4 Nb4 15.
Bb1 d5 16. a3 dxe4 17. Bxe4 Nc6 18. Qc2 Ng5 19. Bxc6 Bxc6 20. Qxc6 Bf6 21. Nxg5
hxg5 22. Nf3 g4 23. hxg4 Bxd4 24. Bg5 f6 25. Rad1 fxg5 26. Rxd4 1-0

[Event "Cto Preferente Norte Individual"]
[Site "Centre Polivalent - C/ Isaac P"]
[Date "2011.10.15"]
[Round "2"]
[White "Garcia Martinez, Cesar"]
[Black "Victoria De Marco, Jose Andres"]
[Result "0-1"]
[WhiteElo "1997"]
[BlackElo "1851"]
[PlyCount "68"]
[EventDate "2011.10.01"]
[EventRounds "7"]
[EventCountry "ESP"]

1. e4 c5 2. Nf3 d6 3. d4 cxd4 4. Nxd4 Nf6 5. Nc3 a6 6. Be2 e5 7. Nf3 h6 8. a4
Be7 9. O-O Be6 10. h3 Qc7 11. Nd5 Nxd5 12. exd5 Bf5 13. c4 Nd7 14. Be3 O-O 15.
a5 Nc5 16. Nd2 Rfc8 17. b4 Nd3 18. Qb3 Nf4 19. Bxf4 exf4 20. Qf3 Bf6 21. Ra3
Re8 22. Bd3 Bxd3 23. Rxd3 g5 24. g3 Be5 25. h4 Qe7 26. Qg4 Kh8 27. Nf3 gxh4 28.
Nxh4 Rg8 29. Qh5 Qf6 30. Ng2 Rg5 31. Qe2 Rag8 32. c5 Qf5 33. cxd6 Qh3 34. g4 f3
0-1

[Event "Cto Preferente Norte Individual"]
[Site "Centre Polivalent - C/ Isaac P"]
[Date "2011.10.15"]
[Round "2"]
[White "Santamaria Peris, Juan Jose"]
[Black "Benito Vicente, Jose Oscar"]
[Result "1/2-1/2"]
[WhiteElo "1822"]
[BlackElo "1973"]
[PlyCount "95"]
[EventDate "2011.10.01"]
[EventRounds "7"]
[EventCountry "ESP"]

1. c4 f5 2. g3 Nf6 3. Bg2 e6 4. Nc3 d5 5. Nf3 c6 6. O-O Be7 7. d3 d4 8. Nb1 O-O
9. Na3 Re8 10. Nc2 c5 11. b4 Nc6 12. bxc5 Bxc5 13. Ba3 Bxa3 14. Nxa3 e5 15. Nc2
f4 16. Rb1 Rb8 17. Nb4 Nxb4 18. Rxb4 Qd6 19. Qb3 fxg3 20. hxg3 h6 21. Nd2 Kh8
22. Ne4 Nxe4 23. Bxe4 b6 24. Rb1 Bb7 25. Bxb7 Rxb7 26. Rb5 Rc7 27. Qb4 Qf6 28.
Rd5 Rf7 29. Rf1 e4 30. Qd6 exd3 31. Qxf6 Rxf6 32. exd3 Re2 33. Rxd4 Rxa2 34.
Rd8+ Kh7 35. Kg2 Rd2 36. Rd7 a5 37. d4 Rc2 38. Rc7 a4 39. c5 bxc5 40. Rxc5 Rd2
41. d5 Rf5 42. Ra5 Ra2 43. g4 Rf4 44. Kg3 Rd4 45. Re1 Rad2 46. Re7 Rxd5 47.
Rxa4 R2d3+ 48. f3 1/2-1/2

[Event "Cto Preferente Norte Individual"]
[Site "Centre Polivalent - C/ Isaac P"]
[Date "2011.10.15"]
[Round "2"]
[White "Bellver Franco, Manuel Edgar"]
[Black "Barry Bertomeu, Enrique"]
[Result "1-0"]
[WhiteElo "1833"]
[BlackElo "1929"]
[PlyCount "73"]
[EventDate "2011.10.01"]
[EventRounds "7"]
[EventCountry "ESP"]

1. b3 d5 2. Bb2 c5 3. e3 Nc6 4. Bb5 Qc7 5. f4 e6 6. Nf3 Bd7 7. d3 f6 8. Nbd2
Bd6 9. Qe2 Nge7 10. Bxc6 Bxc6 11. Rf1 O-O-O 12. g3 Rhe8 13. O-O-O Kb8 14. e4
Ng6 15. e5 fxe5 16. Nxe5 Nxe5 17. Bxe5 Bxe5 18. Qxe5 Re7 19. Rde1 b5 20. Nf3
Kb7 21. Qxc7+ Kxc7 22. Re5 h6 23. Nd2 Kd6 24. Rfe1 a5 25. Nf3 b4 26. Nh4 Kd7
27. f5 a4 28. fxe6+ Ke8 29. Nf5 axb3 30. cxb3 Ra7 31. e7 Rda8 32. Nd6+ Kd7 33.
e8=Q+ Rxe8 34. Nxe8 Rxa2 35. R1e2 Ra1+ 36. Kb2 Rd1 37. Kc2 1-0

[Event "Cto Preferente Norte Individual"]
[Site "Centre Polivalent - C/ Isaac P"]
[Date "2011.10.15"]
[Round "2"]
[White "Gadea Iafigliola, Gabriel Ferna"]
[Black "Pradas Soria, Ernesto"]
[Result "1-0"]
[WhiteElo "1924"]
[BlackElo "1847"]
[PlyCount "71"]
[EventDate "2011.10.01"]
[EventRounds "7"]
[EventCountry "ESP"]

1. d4 Nf6 2. Nf3 g6 3. Nc3 Bg7 4. e4 d6 5. Be2 O-O 6. O-O Bg4 7. h3 Bxf3 8.
Bxf3 Nc6 9. Be3 e5 10. d5 Ne7 11. Qd2 Re8 12. Rfd1 Nd7 13. Bg5 f6 14. Bh6 g5
15. Bxg7 Kxg7 16. Bg4 Nf8 17. Ne2 Neg6 18. c4 Nf4 19. Ng3 Kh8 20. Rac1 Qe7 21.
c5 Qf7 22. cxd6 cxd6 23. Rc3 h5 24. Bf5 Nd7 25. Rc7 Re7 26. Rxb7 Nb6 27. Rxe7
Qxe7 28. b3 Qb7 29. Ne2 h4 30. Nxf4 exf4 31. Rc1 Re8 32. Rc6 Qe7 33. Qc3 Na8
34. b4 Kg7 35. b5 Qb7 36. Rxd6 1-0

[Event "Cto Preferente Norte Individual"]
[Site "Centre Polivalent - C/ Isaac P"]
[Date "2011.10.22"]
[Round "3"]
[White "Albert Garrote, Amadeo"]
[Black "Penades Ordaz, Victor"]
[Result "0-1"]
[WhiteElo "1868"]
[BlackElo "2086"]
[PlyCount "136"]
[EventDate "2011.10.01"]
[EventRounds "7"]
[EventCountry "ESP"]

1. d4 Nf6 2. Nf3 g6 3. c3 Bg7 4. Bg5 d6 5. Nbd2 h6 6. Bh4 g5 7. Bg3 Nh5 8. e3
Nxg3 9. hxg3 Bf5 10. Qb3 Qc8 11. a4 Nd7 12. Be2 Nf6 13. a5 a6 14. Ra4 O-O 15.
c4 c5 16. Bd3 Bd7 17. Ra3 Re8 18. Ne4 Nxe4 19. Bxe4 Rb8 20. d5 b5 21. axb6 Qb7
22. Kd2 Qxb6 23. Qxb6 Rxb6 24. b3 Ra8 25. Bc2 a5 26. Rb1 Raa6 27. Kc1 Bc3 28.
Nd2 Kg7 29. f4 f6 30. Kd1 Rb8 31. Ne4 Bg4+ 32. Kc1 Bb4 33. Ra2 Raa8 34. Nf2 Bd7
35. Nd3 Bc3 36. Kd1 Bg4+ 37. Kc1 Rg8 38. Nf2 Bd7 39. Bd1 f5 40. Nd3 Kh7 41. Kc2
Bf6 42. Bf3 Rgb8 43. e4 Bd4 44. e5 a4 45. b4 a3 46. b5 Ra5 47. fxg5 dxe5 48.
Be2 hxg5 49. Rb3 Rba8 50. Rb1 e4 51. Rh1+ Kg6 52. Nc1 Ra4 53. Nb3 Be3 54. Kc3
Kf6 55. Rh7 Be8 56. Rh6+ Kg7 57. Re6 Kf8 58. Rh6 Bf2 59. Rh7 Bf7 60. Rxf7+ Kxf7
61. Bh5+ Kf6 62. Rxf2 a2 63. Rf1 a1=Q+ 64. Nxa1 Rxa1 65. Bd1 Rc1+ 66. Kb3 Raa1
67. b6 Rab1+ 68. Ka4 Rb4+ 0-1

[Event "Cto Preferente Norte Individual"]
[Site "Centre Polivalent - C/ Isaac P"]
[Date "2011.10.22"]
[Round "3"]
[White "Gomez Ibanez, David"]
[Black "Davidovas Chananovas, Norman"]
[Result "1-0"]
[WhiteElo "1917"]
[BlackElo "1751"]
[PlyCount "159"]
[EventDate "2011.10.01"]
[EventRounds "7"]
[EventCountry "ESP"]

1. e4 c5 2. Nf3 d6 3. d4 cxd4 4. Nxd4 Nf6 5. Nc3 g6 6. Be3 Bg7 7. Qd2 Ng4 8.
Bg5 h6 9. Bh4 Nc6 10. Nb3 O-O 11. f3 Nf6 12. O-O-O a5 13. Na4 Be6 14. Bf2 Nd7
15. Kb1 Rb8 16. Bb5 Bxb3 17. cxb3 Ra8 18. h4 Na7 19. Bxd7 Qxd7 20. Nb6 Qc7 21.
Nxa8 Rxa8 22. h5 g5 23. f4 gxf4 24. Qxf4 a4 25. Qg3 Nb5 26. Qd3 Qa5 27. Be1 Qb6
28. b4 a3 29. b3 d5 30. Rf1 d4 31. Rc1 Rd8 32. Rf5 Nc3+ 33. Ka1 e6 34. Rf3 Rc8
35. b5 Rc7 36. Bd2 Nxb5 37. Rxc7 Qxc7 38. Rf1 Nc3 39. Bc1 b5 40. g4 Qh2 41. Qd2
Qc7 42. Qd3 Nxe4 43. Bxa3 Qa5 44. Qxe4 Qxa3 45. Qd3 Qc5 46. Kb1 Qg5 47. Rc1
Qxg4 48. Rc8+ Bf8 49. Rc2 Ba3 50. Rd2 e5 51. Qf1 Qxh5 52. Qg2+ Qg6+ 53. Qxg6+
fxg6 54. Kc2 h5 55. Kd3 Kf7 56. Ke4 Ke6 57. Rc2 g5 58. Rc6+ Bd6 59. a4 bxa4 60.
bxa4 g4 61. Rc2 h4 62. Rg2 g3 63. a5 Bc7 64. a6 Bb6 65. Kf3 Kf5 66. Rb2 e4+ 67.
Kg2 Ba7 68. Rb7 e3 69. Rxa7 d3 70. Kf3 e2 71. Re7 d2 72. Kxe2 g2 73. Rg7 h3 74.
a7 h2 75. a8=Q d1=Q+ 76. Kxd1 h1=Q+ 77. Kc2 g1=Q 78. Qf8+ Ke5 79. Qe7+ Kf4 80.
Qd6+ 1-0

[Event "Cto Preferente Norte Individual"]
[Site "Centre Polivalent - C/ Isaac P"]
[Date "2011.10.22"]
[Round "3"]
[White "Chakrian, Tigran"]
[Black "Insa Alfonso, Pablo"]
[Result "1/2-1/2"]
[WhiteElo "1897"]
[BlackElo "2050"]
[PlyCount "83"]
[EventDate "2011.10.01"]
[EventRounds "7"]
[EventCountry "ESP"]

1. d4 d5 2. c4 e6 3. Nc3 f5 4. Bf4 c6 5. e3 Nf6 6. a3 Bd6 7. Nf3 O-O 8. Be2 Ne4
9. Bxd6 Qxd6 10. Ne5 Qe7 11. O-O Nd7 12. Nxd7 Bxd7 13. f4 Rf6 14. Nxe4 fxe4 15.
c5 Rh6 16. Rf2 Rf8 17. Qf1 Rhf6 18. Qe1 g5 19. g3 Qg7 20. Rg2 Rg6 21. Bh5 Rh6
22. Bg4 Kh8 23. Qe2 Qe7 24. Qe1 Rg8 25. Qf2 gxf4 26. gxf4 Qh4 27. Qxh4 Rxh4 28.
Be2 Rh3 29. Rg3 Rhxg3+ 30. hxg3 Rxg3+ 31. Kf2 Rh3 32. Rg1 Rh6 33. Rg5 Rg6 34.
Rxg6 hxg6 35. Kg3 Kg7 36. Kh4 Kf6 37. Bd1 b6 38. b4 bxc5 39. bxc5 Bc8 40. Be2
Bb7 41. Kg4 Bc8 42. Kh4 1/2-1/2

[Event "Cto Preferente Norte Individual"]
[Site "Centre Polivalent - C/ Isaac P"]
[Date "2011.10.22"]
[Round "3"]
[White "Victoria De Marco, Jose Andres"]
[Black "Benedito Salavert, Jaime"]
[Result "0-1"]
[WhiteElo "1851"]
[BlackElo "1993"]
[PlyCount "192"]
[EventDate "2011.10.01"]
[EventRounds "7"]
[EventCountry "ESP"]

1. e4 c6 2. d4 d5 3. exd5 cxd5 4. c4 Nc6 5. Nc3 e5 6. dxe5 d4 7. Nd5 Be6 8. Nf4
Qa5+ 9. Bd2 Qxe5+ 10. Qe2 Bxc4 11. Qxe5+ Nxe5 12. Bxc4 Nxc4 13. Nf3 Nxd2 14.
Kxd2 O-O-O 15. Rac1+ Kb8 16. Rc4 Nh6 17. Rxd4 Rxd4+ 18. Nxd4 Bc5 19. Kc3 Re8
20. Nd3 Bxd4+ 21. Kxd4 Ng4 22. Rc1 Re2 23. Rf1 f6 24. h3 Ne5 25. Nxe5 fxe5+ 26.
Kc3 Kc7 27. f4 e4 28. g4 Rh2 29. Re1 Rxh3+ 30. Kd4 Rh4 31. Rg1 Rh2 32. Kxe4
Rxb2 33. Rh1 h6 34. Kf5 Rb6 35. Re1 Rf6+ 36. Ke5 Kd7 37. Rb1 b6 38. Rd1+ Ke7
39. Ke4 Re6+ 40. Kf3 Rc6 41. Re1+ Kf7 42. Re3 Rc4 43. Rd3 Ra4 44. a3 a5 45. Rb3
b5 46. Rxb5 Rxa3+ 47. Ke4 Ra1 48. Rb7+ Kf6 49. Rb6+ Kf7 50. Rb7+ Kg8 51. Kf5
Kh7 52. g5 hxg5 53. Kxg5 a4 54. Ra7 a3 55. Kf5 a2 56. Ra3 g6+ 57. Kf6 Rf1 58.
Rxa2 Rxf4+ 59. Kg5 Rf5+ 60. Kg4 Rf1 61. Rh2+ Kg7 62. Ra2 Rg1+ 63. Kh3 Kh6 64.
Ra4 Kh5 65. Rh4+ Kg5 66. Ra4 Rf1 67. Kg3 Rf5 68. Rh4 Kf6 69. Ra4 Rb5 70. Kg4
Kg7 71. Rc4 Kh6 72. Ra4 Rb1 73. Rc4 Rg1+ 74. Kh3 g5 75. Rc6+ Kh5 76. Rc5 Rb1
77. Kg3 Rb3+ 78. Kg2 Kh4 79. Rc8 Rb4 80. Ra8 Rb2+ 81. Kg1 g4 82. Ra4 Kh3 83.
Ra8 Rb1+ 84. Kf2 g3+ 85. Kf3 Rf1+ 86. Ke2 Rf2+ 87. Ke1 Rb2 88. Rh8+ Kg2 89. Rf8
Rb4 90. Ke2 Re4+ 91. Kd1 Kg1 92. Kd2 g2 93. Rf7 Kh2 94. Rf2 Kh1 95. Rf8 g1=Q
96. Rf1 Qxf1 0-1

[Event "Cto Preferente Norte Individual"]
[Site "Centre Polivalent - C/ Isaac P"]
[Date "2011.10.22"]
[Round "3"]
[White "Pino Fernandez, David"]
[Black "Gadea Iafigliola, Gabriel Ferna"]
[Result "1/2-1/2"]
[WhiteElo "1781"]
[BlackElo "1924"]
[PlyCount "152"]
[EventDate "2011.10.01"]
[EventRounds "7"]
[EventCountry "ESP"]

1. d4 Nf6 2. c4 e6 3. Nc3 d5 4. Bf4 Nbd7 5. e3 c6 6. c5 b6 7. b4 Bb7 8. h3 Be7
9. Nf3 O-O 10. Bd3 a5 11. a3 axb4 12. axb4 Rxa1 13. Qxa1 Qa8 14. O-O Qxa1 15.
Rxa1 Ra8 16. Rxa8+ Bxa8 17. Kf1 Kf8 18. Bc7 bxc5 19. bxc5 Ne8 20. Bf4 h6 21.
Nd2 Bf6 22. Nb3 e5 23. Bg3 g6 24. f3 Nc7 25. Na2 Ne6 26. Bf2 exd4 27. exd4 Bb7
28. Be3 h5 29. Nb4 Ba8 30. Ke2 Ke8 31. Kd2 Bg7 32. Kc3 Ndxc5 33. Nxc5 Nxc5 34.
Bc2 Kf8 35. Bh6 Bxh6 36. dxc5 Be3 37. Ba4 Bxc5 38. Nxc6 Bb7 39. Ne5 Kg7 40. Be8
Ba6 41. Nd3 d4+ 42. Kd2 Bd6 43. Ba4 Bc4 44. Bd1 Kf6 45. Be2 Kg5 46. Nc1 Bb4+
47. Kc2 Bxe2 48. Nxe2 Bc5 49. Kd3 Kh4 50. Ke4 f5+ 51. Kd3 g5 52. Kc4 Bb6 53.
Kd3 g4 54. hxg4 fxg4 55. fxg4 Kxg4 56. Ke4 Ba7 57. Kd3 h4 58. Ke4 Bb6 59. Kd3
Kf5 60. Ng1 Bd8 61. Ne2 Bf6 62. Nc1 Bg5 63. Nb3 Be3 64. Nc5 Kf4 65. Ke2 Kg3 66.
Kf1 Kh2 67. Nd3 Bd2 68. Ne5 Bc3 69. Nd3 Ba5 70. Ne5 Bb6 71. Nd3 Bc7 72. Nc5 Bd6
73. Nd3 Kg3 74. Nc1 Kf4 75. Ke2 Ke4 76. Nd3 Kd5 1/2-1/2

[Event "Cto Preferente Norte Individual"]
[Site "Centre Polivalent - C/ Isaac P"]
[Date "2011.10.22"]
[Round "3"]
[White "Tarazona Macivor, Cristobal"]
[Black "Hompanera Lopez, Enrique"]
[Result "1-0"]
[WhiteElo "1745"]
[BlackElo "1905"]
[PlyCount "53"]
[EventDate "2011.10.01"]
[EventRounds "7"]
[EventCountry "ESP"]

1. Nf3 d5 2. g3 Nf6 3. Bg2 e6 4. d3 c5 5. Nbd2 Nc6 6. O-O Be7 7. Re1 e5 8. e4
d4 9. Nc4 Qc7 10. a4 O-O 11. Bd2 Be6 12. b3 h6 13. Nh4 Qd7 14. f4 exf4 15. gxf4
Bxc4 16. bxc4 Nxe4 17. Rxe4 Bxh4 18. Qh5 Bf6 19. Kh1 Rfe8 20. Rg1 Qd6 21. Rxe8+
Rxe8 22. Bd5 Nd8 23. Qxh6 Qa6 24. Be4 Re6 25. Qh7+ Kf8 26. f5 Re7 27. Qh8# 1-0

[Event "Cto Preferente Norte Individual"]
[Site "Centre Polivalent - C/ Isaac P"]
[Date "2011.10.22"]
[Round "3"]
[White "Soriano Folch, Jonathan"]
[Black "Nieto Tornero, Jose"]
[Result "0-1"]
[WhiteElo "1826"]
[BlackElo "2024"]
[PlyCount "70"]
[EventDate "2011.10.01"]
[EventRounds "7"]
[EventCountry "ESP"]

1. e4 e5 2. Nf3 Nc6 3. d4 exd4 4. Nxd4 Nf6 5. Nxc6 bxc6 6. e5 Qe7 7. Qe2 Nd5 8.
Bd2 g5 9. Nc3 Nb4 10. Rc1 Bg7 11. a3 Nd5 12. Nxd5 cxd5 13. f4 Bb7 14. g3 gxf4
15. Bxf4 O-O-O 16. c4 d4 17. Bg2 Bxg2 18. Qxg2 Kb8 19. O-O Bxe5 20. Bxe5 Qxe5
21. Rfe1 Qf6 22. Qd5 Rhe8 23. b4 Re6 24. Rxe6 dxe6 25. Qb5+ Kc8 26. Rf1 Qg6 27.
c5 Qh5 28. Qa4 Qe2 29. b5 Qe3+ 30. Kg2 d3 31. Qa6+ Kb8 32. b6 axb6 33. Rf4 Qxc5
34. Ra4 Qd5+ 35. Kf2 d2 0-1

[Event "Cto Preferente Norte Individual"]
[Site "Centre Polivalent - C/ Isaac P"]
[Date "2011.10.22"]
[Round "3"]
[White "Biasoli Lopez, Alain"]
[Black "Santamaria Peris, Juan Jose"]
[Result "1-0"]
[WhiteElo "1937"]
[BlackElo "1822"]
[PlyCount "77"]
[EventDate "2011.10.01"]
[EventRounds "7"]
[EventCountry "ESP"]

1. e4 c5 2. Nf3 e6 3. d4 cxd4 4. Nxd4 Nf6 5. Nc3 Nc6 6. Ndb5 d6 7. Bf4 e5 8.
Bg5 a6 9. Na3 b5 10. Nd5 Qa5+ 11. Bd2 Qd8 12. Nxf6+ Qxf6 13. c4 Qg6 14. f3 Be7
15. Be3 b4 16. Nc2 O-O 17. Qd2 Rb8 18. b3 Be6 19. Bd3 Kh8 20. O-O f5 21. exf5
Bxf5 22. Rad1 a5 23. Bxf5 Qxf5 24. Qd3 Rbc8 25. Ne1 a4 26. Qxf5 Rxf5 27. Nd3
axb3 28. axb3 Bg5 29. Bxg5 Rxg5 30. f4 Rg6 31. fxe5 dxe5 32. Rde1 Re6 33. Re3
Rce8 34. Rfe1 R6e7 35. Re4 Kg8 36. c5 Rb8 37. Rc4 Re6 38. Ree4 Nd4 39. Rcxd4
1-0

[Event "Cto Preferente Norte Individual"]
[Site "Centre Polivalent - C/ Isaac P"]
[Date "2011.10.22"]
[Round "3"]
[White "Anguix Gomez, Exuperio"]
[Black "Guerola Trull, Bernat"]
[Result "1-0"]
[WhiteElo "1900"]
[BlackElo "1710"]
[PlyCount "49"]
[EventDate "2011.10.01"]
[EventRounds "7"]
[EventCountry "ESP"]

1. Nf3 f5 2. g3 Nf6 3. c4 d6 4. d4 e6 5. Nc3 Be7 6. Bg2 Nbd7 7. O-O e5 8. Ng5
Nb6 9. dxe5 dxe5 10. Qb3 c5 11. Rd1 Qc7 12. a4 Bd7 13. a5 Nc8 14. a6 Nd6 15.
axb7 Rb8 16. Rxa7 e4 17. Bf4 O-O 18. Bxd6 Bxd6 19. Nb5 Bxb5 20. Qxb5 Qe7 21.
Qc6 Rfd8 22. Ra8 Nd7 23. Qd5+ Kh8 24. Nf7+ Kg8 25. Nh6+ 1-0

[Event "Cto Preferente Norte Individual"]
[Site "Centre Polivalent - C/ Isaac P"]
[Date "2011.11.05"]
[Round "4"]
[White "Penades Ordaz, Victor"]
[Black "Gomez Ibanez, David"]
[Result "1-0"]
[WhiteElo "2086"]
[BlackElo "1917"]
[PlyCount "160"]
[EventDate "2011.10.01"]
[EventRounds "7"]
[EventCountry "ESP"]

1. e4 e6 2. d3 d5 3. Nd2 c5 4. Ngf3 Nf6 5. g3 Be7 6. Bg2 dxe4 7. dxe4 O-O 8.
O-O Nc6 9. Qe2 Qc7 10. e5 Nd7 11. Re1 a5 12. h4 b6 13. Nf1 Ba6 14. c4 Rad8 15.
N1h2 Ndb8 16. h5 Nd4 17. Nxd4 Rxd4 18. b3 Bb7 19. Be3 Rd7 20. Bxb7 Qxb7 21. Qg4
Kh8 22. Qf4 f5 23. exf6 Bxf6 24. Rad1 Nc6 25. Qe4 Nd4 26. Qxb7 Rxb7 27. Bxd4
Bxd4 28. Ng4 Rbf7 29. Rxe6 Bxf2+ 30. Kg2 Bd4 31. Rxb6 Re7 32. Rd2 h6 33. Ra6
Re1 34. Nf2 Re3 35. Rg6 Ref3 36. Nh3 R3f5 37. g4 Rf3 38. Re2 Re3 39. Rxe3 Bxe3
40. Re6 Bd4 41. Re4 Rb8 42. Nf4 a4 43. bxa4 Kg8 44. Ne6 Rb2+ 45. Kf3 Bg1 46.
Re2 Rb4 47. Rc2 Kf7 48. Nf4 Bd4 49. Ke4 Rxa4 50. Ne2 Bf2 51. Nc1 Bg1 52. Nb3
Ra8 53. Rg2 Re8+ 54. Kf5 Re1 55. a4 Rb1 56. Na5 Ra1 57. Nc6 Be3 58. Re2 Rf1+
59. Ke4 Bg1 60. Ke5 Rd1 61. a5 Ra1 62. Kd6 Ra3 63. Re7+ Kf6 64. Re6+ Kg5 65.
Rg6+ Kh4 66. Rxg7 Rd3+ 67. Kc7 Bh2+ 68. Kb6 Rb3+ 69. Kxc5 Bg1+ 70. Kd5 Rd3+ 71.
Ke4 Re3+ 72. Kf5 Rc3 73. Ne5 Ra3 74. Ke4 Bc5 75. Nf3+ Kg3 76. g5 Bb4 77. gxh6+
Kf2 78. h7 Re3+ 79. Kd5 Bc3 80. h8=Q Rxf3 1-0

[Event "Cto Preferente Norte Individual"]
[Site "Centre Polivalent - C/ Isaac P"]
[Date "2011.11.05"]
[Round "4"]
[White "Benedito Salavert, Jaime"]
[Black "Tarazona Macivor, Cristobal"]
[Result "1-0"]
[WhiteElo "1993"]
[BlackElo "1745"]
[PlyCount "75"]
[EventDate "2011.10.01"]
[EventRounds "7"]
[EventCountry "ESP"]

1. d4 Nf6 2. Nf3 e6 3. c4 c5 4. d5 exd5 5. cxd5 d6 6. Nc3 Be7 7. h3 a6 8. a4
O-O 9. e4 Nbd7 10. Bf4 Re8 11. Bd3 Bf8 12. O-O Ne5 13. Nxe5 dxe5 14. Bg5 Bd6
15. Qf3 Be7 16. Bc4 Qd6 17. Rfc1 Bd7 18. Bd2 Rab8 19. Qe2 g6 20. Rf1 Nh5 21. g4
Ng7 22. f4 f5 23. fxe5 Qxe5 24. Bf4 Qd4+ 25. Be3 Qe5 26. d6+ Kh8 27. dxe7 Qg3+
28. Kh1 Qxh3+ 29. Qh2 Qxe3 30. Bf7 Qg5 31. gxf5 gxf5 32. Nd5 Bc6 33. Rg1 Bxd5
34. Rxg5 Bxf7 35. Qe5 Rg8 36. Rxg7 Rxg7 37. Qxb8+ Rg8 38. Qe5+ 1-0